Guess the title track by PRE-RELEASE - Statistics

General Stats
  • This quiz has been taken 9 times
  • The average score is 15 of 47
Answer Stats
Artist Pre-release Title track % Correct
aespa Supernova Armage​ddon
100%
BABYMONSTER FOREVER DRIP
100%
BLACKPINK How You Like That Lovesick Girls
100%
JENNIE Mantra like JENNIE
80%
ALLDAY PROJECT ONE MORE TIME LOOK AT ME
80%
i-dle Wife Super Lady
80%
ITZY BORN TO BE UNTOUCHABLE
80%
KiiiKiii Delulu 404 (New Era)
60%
LE SSERAFIM CELEBRATION BOOMPALA
60%
JIMIN Smeraldo Garden Marching Band Who
60%
IVE BANG BANG BLACKHOLE
40%
RIIZE Impossible Boom Boom Bass
40%
JEON SOMI EXTRA CLOSER
40%
Hearts2Hearts Pretty Please FOCUS
40%
LISA Born Again FXCK UP THE WORLD
40%
NMIXX Crescendo Heavy Serenade
40%
TAEYEON Can’t Control Myself INVU
40%
IU Celebrity LILAC
40%
BOYNEXTDOOR Dangerous Nice Guy
40%
NewJeans Ditto OMG
40%
TWS Oh Mymy : 7s plot twist
40%
ROSE APT. toxic till the end
40%
KAI Adult Swim Wait On Me
40%
CORTIS GO! What You Want
40%
CHUNG HA Stay Tonight Bicycle
20%
RESCENE Heart Drop Bloom
20%
EXO I'm Home Crown
20%
MEOVV HANDS UP DROP TOP
20%
FIFTY FIFTY Perfect Crime Pookie
20%
TAEYANG VIBE Seed
20%
G-DRAGON HOME SWEET HOME TOO BAD
20%
SUHO Cheese 1 to 3
0%
BAEKHYUN Chocolate Elevator
0%
KickFlip Twenty Eye-Poppin'
0%
WOODZ CINEMA Human Extinction
0%
ZEROBASEONE SLAM DUNK ICONIK
0%
DAY6 You WereBeautiful I Smile
0%
NCT DREAM Broken Melodies ISTJ
0%
D.O Popcorn Mars
0%
QWER Fake Idol My name is Malgeum
0%
WOODZ CINEMA NA NA NA
0%
Xdinary Heroes LOVE and FEAR Night before the end
0%
Billlie trampoline remembrance candy
0%
JIN I'll Be There Running Wild
0%
NCT WISH Dunk Shot Steady
0%
I.O.I Goodbye With A Smile Suddenly
0%
TREASURE LAST NIGHT YELLOW
0%
No matching quizzes found
Score Distribution
Percent of People with Each Score
Percentile by Number Answered
Your Score History
You have not taken this quiz